(The) Sitting of direction finding stations (Record no. 2692)

000 -LEADER
fixed length control field 00411nam a22001577a 4500
008 - FIXED-LENGTH DATA ELEMENTS--GENERAL INFORMATION
fixed length control field 200313b ||||| |||| 00| 0 eng d
082 00 - DEWEY DECIMAL CLASSIFICATION NUMBER
Classification number 621.3841
Item number R8231
100 ## - MAIN ENTRY--PERSONAL NAME
9 (RLIN) 2299
Personal name Ross, W.
245 10 - TITLE STATEMENT
Title (The) Sitting of direction finding stations
260 ## - PUBLICATION, DISTRIBUTION, ETC. (IMPRINT)
Place of publication, distribution, etc London
Name of publisher, distributor, etc HMSO
Date of publication, distribution, etc 1952
300 ## - PHYSICAL DESCRIPTION
Extent 38 p.
365 ## - TRADE PRICE
Unit of pricing 1.02
650 #0 - SUBJECT ADDED ENTRY--TOPICAL TERM
Topical term or geographic name as entry element Radio Direction Finders
700 ## - ADDED ENTRY--PERSONAL NAME
9 (RLIN) 2302
Personal name Horner, F.
942 ## - ADDED ENTRY ELEMENTS (KOHA)
Item type Books
Holdings
Withdrawn status Lost status Source of classification or shelving scheme Damaged status Not for loan Permanent location Current location Date acquired Source of acquisition Full call number Barcode Date last seen Koha item type
          IMU Kolkata IMU Kolkata 1954-03-26 A. H. Wheeler 621.3841 R8231 02110 2020-03-13 Books
Designed and Maintained by IMU-KC Library, Kolkata Campus © Copyright All Rights Reserved

webs counters

Powered by Koha